00246nam a2200109Ia 450000500170000000800410001710000170005824500300007526000110010530000110011665000090012720260326235442.0260326s9999||||xx |||||||||||||| ||und|| aFrings, Paul 0aParacuaria /cPaul Frings bElnain a132 p. aARTE